Cosa accadde il 15 Novembre? - Statistics

Statistiche generali
  • Questo quiz è stato fatto 9 volte
  • Il punteggio medio è 7 su 10
Statistiche sulle risposte
Domanda Risposta % Corretto
Quale stato asiatico si autoproclamò indipendente il 15 novembre 1985 e venne riconosciuto solo dalla Turchia? Cipro del Nord
100%
Quale famose imperatore bizantino morì a Costantinopoli il 15 novembre 565? Giustiniano I
86%
Chi vinse il Campionato mondiale piloti di Formula 1 il 15 novembre 2020, eguagliando il record di Michael Schumacher? Lewis Hamilton
86%
Chi venne eletto Segretario generale del Partito Comunista Cinese il 15 novembre 2012? Xi Jinping
86%
Quale conquistatore spagnolo espugnò Cusco massacrando il popolo Inca il 15 novembre 1533? Francisco Pizarro
71%
Quale console uscì in vendita nei negozi statunitensi il 15 novembre 2013? PlayStation4
71%
Quale futuro primo ministro inglese venne catturato dagli italiani di Camillo Ricchiardi durante la Guerra anglo-boera il 15 novembre 1899? Winston Churchill
71%
In che anno si svolse la famosa Conferenza di Berlino, iniziata il 15 novembre, che decise il destino dell'Africa alla fine del XIX secolo? 1884
57%
Quale film Disney uscì nella sale cinematografiche il 15 novembre 1989? La sirenetta
57%
Quale organizzazione intergovernativa convocò la prima assemblea il 15 novembre 1920 a Ginevra? Società delle Nazioni
43%
Nessun quiz corrispondente trovato
Distribuzione punteggi
Percentuale di utenti per punteggio
Percentile per numero di risposta
I tuoi punteggi nel tempo
Non hai fatto questo quiz